Loading...
| Literature - British | 1 | 4 | 0 | 0 | 55 | 82 | 105.00 | 3 | 5 | 0.00 | 0.00 |
| Literature - World | 2 | 2 | 0 | 0 | 50 | 45 | 83.25 | 2 | 4 | 0.00 | 0.00 |
| Religion | 1 | 2 | 0 | 0 | 35 | 61 | 90.00 | 2 | 3 | 0.00 | 0.00 |
| History - World | 1 | 2 | 0 | 1 | 35 | 36 | 78.33 | 1 | 3 | 0.00 | 0.00 |
| Science - Biology | 1 | 2 | 0 | 0 | 35 | 52 | 78.00 | 2 | 3 | 0.00 | 0.00 |
| Mythology | 0 | 3 | 0 | 1 | 30 | 98 | 125.67 | 1 | 3 | 0.00 | 0.00 |
| Literature - European | 0 | 3 | 0 | 0 | 30 | 79 | 104.67 | 2 | 3 | 0.00 | 0.00 |
| Science - Physics | 0 | 4 | 2 | 1 | 30 | 65 | 88.75 | 3 | 4 | 0.00 | 0.00 |
| Science - Other | 1 | 2 | 2 | 0 | 25 | 69 | 82.33 | 1 | 3 | 0.00 | 0.00 |
| Philosophy | 0 | 2 | 0 | 0 | 20 | 74 | 86.00 | 1 | 2 | 0.00 | 0.00 |
| Fine Arts - Other | 1 | 1 | 1 | 0 | 20 | 59 | 80.00 | 2 | 2 | 0.00 | 0.00 |
| Fine Arts - Auditory | 0 | 1 | 0 | 0 | 10 | 141 | 141.00 | 1 | 1 | 0.00 | 0.00 |
| Other Academic | 0 | 1 | 0 | 1 | 10 | 123 | 123.00 | 0 | 1 | 0.00 | 0.00 |
| Fine Arts - Visual | 0 | 1 | 0 | 0 | 10 | 90 | 90.00 | 0 | 1 | 0.00 | 0.00 |
| Science - Chemistry | 0 | 1 | 0 | 0 | 10 | 85 | 85.00 | 1 | 1 | 0.00 | 0.00 |
| History - American | 0 | 1 | 0 | 0 | 10 | 121 | 121.00 | 0 | 1 | 0.00 | 0.00 |
| Literature - American | 0 | 2 | 2 | 0 | 10 | 89 | 98.00 | 1 | 2 | 0.00 | 0.00 |
| History - European | 0 | 0 | 0 | 0 | 0 | 0.00 | 0 | 0 | 0.00 | 0.00 | |
| Current Events | 0 | 0 | 1 | 0 | -5 | 0.00 | 0 | 0 | 0.00 | 0.00 | |
| Geography | 0 | 0 | 1 | 0 | -5 | 0.00 | 0 | 0 | 0.00 | 0.00 | |
| Social Science | 0 | 0 | 3 | 0 | -15 | 0.00 | 0 | 0 | 0.00 | 0.00 |